000 00412nam a2200145 4500
001 3197
005 20181127170745.0
008 040824s2004 ii 000 1 eng
010 _a 2004311249
020 _a9788129104595
100 1 _aBhagat, Chetan.
245 1 0 _aFive point someone :
_bwhat not to do at IIT, a novel /
_cby Chetan Bhagat.
260 _aNew Delhi :
_bRupa & Co.,
_c2011.
300 _a267 p. ;
_c23 cm.
999 _c2582
_d2582